000 00411cam a2200157ua 4500
041 _aeng
_h
082 _a303.482
_bWOL/CH
100 _aWoffers, Arnold .
245 0 0 _aChanging east-west relations and theunity of the west /
_cArnold Woffers.
_hTextual Documents
250 _a1 /
_b.
260 _a :
_bJohn Hopkins press ,
_c1964.
300 _a242 ; .
504 _a
942 _cBK
999 _c1868
_d1868